Statistics for Guess the ethnicity #1

Click here to take the quiz!

General Stats

  • This quiz has been taken 609 times
  • The average score is 3 of 10

Answer Stats

Answer% Correct
Japanese
68%
Mongolian
49%
Russian
49%
Afghan
40%
Ethiopian
27%
Maori
23%
Bulgarian
11%
Spanish
10%
Kurdish
9%
Malagasy
3%

Score Distribution

Percentile by Number Answered

Percent of People with Each Score

Your Score History

You have not taken this quiz